000 00597nam a2200205 u 4500
005 20240418063723.0
008 160419s2008 cl r 000 0 spa d
020 _a9789589827352
035 _aUPN01000209658
049 _aI
050 4 _aPQ8179 P6
_bC8.5
100 1 _aPombo, Rafael,
_d1833-1912
_935580
245 1 0 _aCuentos pintados /
_cRafael Pombo ; il. Ivar Da Coll.
260 _aBogotá :
_bBabel,
_c2008.
300 _a71 p. :
_bil. col.
650 0 _aCuentos infantiles colombianos
_94407
650 4 _aPOESIA INFANTIL COLOMBIANA
_913987
905 _aInfantil
999 _c181759
_d181759